000
002260000a22000970004500
100
1
_a
Lara, Patricia
245
1
0
_a
Al regreso del secuestro
300
_a
Vol. 12, Núm 12 (1993), Páginas 26
773
0
_t
Cambio 16
942
_c
ANA
999
_c
58483
_d
58483